000 00724cam a22002533a 4500
001 17168
003 PGUSA
005 20140828083351.0
008 051127s2005||||xxu|||||s|||||000 1 eng d
040 _aPGUSA
_beng
042 _adc
050 4 _aPZ
100 1 _aHarte, Bret,
_d1836-1902
245 1 4 _aThe Queen of the Pirate Isle
_h[electronic resource] /
_cBret Harte
260 _bProject Gutenberg,
_c2005
506 _aPublic domain in the USA.
516 _aElectronic text
653 _aPlay -- Juvenile fiction
653 _aImagination -- Juvenile fiction
700 1 _aGreenaway, Kate,
_d1846-1901
830 0 _aProject Gutenberg
_v17168
856 4 0 _uhttp://www.gutenberg.org/ebooks/17168
942 _cEB
999 _c246423
_d246423